000
00293nam a22001337a 4500
008
181006b xxu||||| |||| 00| 0 eng d
020
_a
9780805308808
041
_a
eng
080
_a
573
100
_a
11
101
_a
BIO
245
_a
The World of the Cell
_c
Phoenie, B.R
942
_2
udc
_c
BK
999
_c
48962
_d
48962